000 00470nam a2200157Ia 4500
008 090124s9999 xx 000 0 und d
082 _b18400
_a1133
245 _a बीज ज्ञानेश्र्वरी
250 _a1
260 _c1972
300 _a187
630 _a बीज ज्ञानेश्र्वरी
700 _aकानिटकर माधव
730 _a बीज ज्ञानेश्र्वरी
942 _cBOOK
999 _c132341
_d132341